000 00225nam a22000857a 4500
008 160917b xxu||||| |||| 00| 0 eng d
100 _9637
_aJain.R.K.
245 _aEnglish Communicative
260 _aNew Delhi
_bAPC Publications
_c2010
999 _c3296
_d3296